000 01248 a2200217 4500
001 59926
005 20260407155852.0
008 260407a1992 arg spa d
003 AR-UNSa-BCEJYS
040 _aAR-UNSa-BCEJYS
_bspa
_cAR-UNSa-BCEJYS
080 _a341
_xDerecho internacional
245 1 0 _aDerecho internacional económico
_py relaciones económicas internacionales
020 _a950-20-0659-3
264 1 _aBuenos Aires :
_bAbeledo Perrot
_c1992
300 _a604 p.
_c23 cm.
505 _a1. El sistema económico internacional – 2. Ámbito material, origen y especificidad del Derecho Internacional Económico – 3. Fundamentos del Derecho Internacional Económico – 4. Los mecanismos de elaboración – 5. El marco jurídico de las relaciones comerciales internacionales – 6. El marco jurídico de las relaciones financieras internacionales – 7. Un subsistema en plena evolución: el tratamiento y gestión de la deuda externa – 8. Inversión externa – 9. Derecho tributario internacional – 10. Sanciones y esquemas coercitivos – 11. Solución de controversias de derecho internacional económico -
041 _aspa
942 _cBK
590 _aniveau_biblio:m niveau_hierar:0
100 1 _aDi Giovan, Ileana
999 _c6843
_d6843